| 000 | 01018nam a2200217 a 4500 | ||
|---|---|---|---|
| 001 | 000041994 | ||
| 005 | 20201002035855.0 | ||
| 008 | 131029s1990 sp c 001 0 spa d | ||
| 020 | _a840007016X | ||
| 040 |
_aDO-SdBNP _bspa _cBNPHU |
||
| 100 | 1 |
_aMarín Eced, Teresa _968935 |
|
| 245 | 1 | 3 |
_aLa Renovación Pedagógica en España, 1907-1936 : _blos pensionados en pedagogía por la Junta para Ampliación de Estudios / _cTeresa Marín Eced. |
| 260 |
_aMadrid : _bConsejo Superior de Investigaciones Científicas, _c1990. |
||
| 300 |
_aXXXIX, 408 p. : _bil., retrs ; _c23 cm. |
||
| 490 | 1 |
_aEstudios sobre la ciencia ; _v11 |
|
| 500 | _aIncluye índice | ||
| 500 | _aEditado con la ayuda de la Secretaría de Estado de Educación del MEC, dentro del programa de "Carlos III y la Ilustración (1789-1989)" | ||
| 504 | _aIncluye referencias bibliográficas y notas al pie de las páginas | ||
| 710 | 2 |
_aConsejo Superior de Investigaciones Científicas (España) _915178 |
|
| 830 | 0 |
_aEstudios sobre la ciencia _v11 _938739 |
|
| 999 |
_c41483 _d41483 |
||